00585nam a22001817a 450000500170000001000150001702000260003203500140005803700090007208200120008110000370009324500690013026000090019930000200020894200260022899900190025495201300027320240507121003.0 aENG-140153 c300.00a9788185170480 aEN-123685 bDBAD a181.452 aSastri, P. S. Subrahmanya965829 aLectures On Patanjali's Mahabhasya/cby P. S. Subrahmanya Sastri c2011 a396p.c25cm(hb) 2ddccENh181.452mSAS c202154d202154 001040708NFICaAVbAVd2024-04-15eDBADg300.00l0o181.452 SASpEN-123685r2024-04-15 00:00:00t1v300.00w2024-04-15yEN